00365 a2200133 450000500170000002000220001708200140003910000140005324500440006725000120011126000440012330000460016770000180021320250626133438.0 a978-1-119-70306-8 a658.1 KAP aKAPLAN, M aPatterns of Entrepreneurship Management a6th Ed. aHobokenbJohn & Wiley Sons, Inc.c2020. axxix, 318p. : ill. ; figuresbIndexc25cm aJack McGourty